00929nam a22002897a 450000500170000000800410001701000140005802000260007202000230009803500130012103500170013403700150015103700220016604000180018808200060020610000240021224000320023624501090026824600160037726000470039327000630044030000320050350000110053550000230054665000440056970000260061320090619104725.0030731s2003 ii 000 1 eng  aENG-94112 a9780198062219c150.00 a0198062214c150.00 aEN-77645 aB-360771-777 bDBAD / PUB bUppal Book Store  adplbEnglish  aN aRath, Chandrasekhar aYantrārūḍha.lEnglish aAstride the wheel, yantrarudha /cby Chandrasekhar Rath ; translated from Oriya by Jatindra Kumar Nayak. aYantrarudha aNew Delhi ;bOxford University Pressc2009 aYMCA Library Building, Jai Singh Road,bNew Delhi e110001 axxviii, 179 p. c22cm(pbk)  aNovel. aIncludes glossary  aOriya fictionvTranslation into English aNayak, Jatindra Kumar